One Direction Perfect Lyrics - Statistics

General Stats
  • This quiz has been taken 1,434 times
  • The average score is 17 of 29
Answer Stats
Hint Answer % Correct
When I ____ saw you first
92%
But I can be the one, be the one ____ tonight
89%
From ____ the ____ across room
87%
I might never be your ____ in ____ armour knight shining
87%
What you're ____ for looking
87%
But if you like causing ____ up in ____ rooms trouble hotel
85%
I might never be the one you ____ home to ____ take mother
84%
____ I might never be the ____ who brings you ____ and one flowers
83%
I could tell that you were ____, oh yeah curious
82%
Cause I'm not good at ____ ____ making promises
81%
____, I'm Perfect Baby
78%
____,I'm Perfect ____ ____ Baby for you
75%
____, I hope you're sure girl
75%
If you like to do the ____ that you know we ____ do things shouldn't
73%
____ If you like having ____ little _____ And secret rendezvous
63%
And if you like going ____ we can't even ____ places pronounce
63%
And if you like ____ driving with the ____ ____ midnight windows down
62%
____, You're Perfect Baby
61%
____, You're Perfect baby
59%
So let's ____ right ____ start now
51%
If you like to do ____ you've been _____ about whatever dreaming
47%
I might never be the ____ you put your ____ in hand heart
27%
Cause I can be the one you ____ from ____ to ____ love time time
25%
But that don't ____ we can't live ____ in the ____ mean here moment
24%
Or the ____ that____ you any time you want them arms hold
22%
Baby, ____ Perfect I'm
17%
And if you're looking for someone to ____ your____ _____ about write breakup songs
13%
Baby,____ Perfect we're
11%
And if you _____ _____ every time we go ____, oh yeah cameras flashing out
8%
No matching quizzes found
Score Distribution
Percent of People with Each Score
Percentile by Number Answered
Your Score History
You have not taken this quiz